CHUNITHM チュウニズム ボス曲(レベル15以上) - Statistics

General Stats
  • This quiz has been taken 93 times
  • The average score is 21 of 48
Answer Stats
譜面定数 楽曲名 % Correct
祈 -我ら神祖と共に歩む者なり-
82%
怒槌
79%
15.4 業 -善なる神とこの世の悪について-
72%
混沌を超えし我らが神聖なる調律主を讃えよ
65%
グラウンドスライダー協奏曲第一番「風唄」
65%
Chaotic Ørder
58%
DA'AT -The First Seeker of Souls-
58%
15.5 Forsaken Tale
58%
The Metaberse -First story of the SeelischTact-
58%
宿星審判
56%
Daphnis
56%
雪男
54%
15.3 ピアノ協奏曲第1番"蠍火"
53%
ラストピースに祝福と栄光を
51%
蜘蛛の糸
47%
MALKUTH -The Last Ruler of Terrestrials-
47%
TiamaT:F minor
47%
Ultimate Force
47%
World Vanquisher
47%
macrocosmos
46%
Contrapasso -inferno-
44%
玩具狂奏曲 -終焉-
42%
Killing Rhythm
42%
15.2 Aleph-0
40%
POTENTIAL
40%
15.1 What's up? Pop!
40%
LAMIA
39%
X7124
39%
Makear
37%
To :Be Continued
37%
Disruptor Array
35%
otorii INNOVATED -[i]3-
35%
ANU
33%
15.0 ENDYMION
33%
Rebellion
33%
sølips
33%
Strange Love
33%
Acid God
32%
Zegallta
32%
MeteorSnow
30%
Stardust:RAY
30%
Λzure Vixen
30%
Invisible Frenzy
28%
βlαnoir
26%
parvorbital
25%
リ・フィクション・O
23%
Trrricksters!!
23%
Tuatha Dé Danann
23%
No matching quizzes found
Score Distribution
Percent of People with Each Score
Percentile by Number Answered
Your Score History
You have not taken this quiz